000 01456nam1a22003971 4500
001 v19\rc\1470547
005 20260326114343.0
035 _a(NLR Aleph) 004685913
090 _a3870120
_c3870120
100 _a20060620d1876 u y0rusy50 ca
101 1 _arus
_ceng
102 _aRU
105 _ay z |||||
200 1 _aРасчетливость
_fСоч. Самуила Смайльса, авт. "Самодеятельности", "Характера" и пр.
_gПер. В. Тимирязева. Т. 1-2
210 _aСанкт-Петербург
_aМосква
_cМ.О. Вольф
_d1876
_eСанкт-Петербург
215 _a2 т.
_d18
300 _aЗагл. ориг.: "Thrift"
300 _aПер. также под загл.: "Бережливость"
451 0 _12001#$aБережливость
454 0 _12001#$aThrift
700 1 _aСмайлс
_bС.
_f1812-1904
_gСамьюэл
_3RU\NLR\AUTH\7776646
702 1 _aТимирязев
_bВ. А.
_f1841-1912
_gВасилий Аркадьевич
_3RU\NLR\AUTH\770291573
_4730
801 0 _aRU
_bNLR
_gpsbo
801 0 _aRU
_bRuMoRGB
_2psbo
801 1 _aRU
_bProSoft-M
_2rusmarc
852 _aNLR
_j18.38.6.61
852 _aNLR
_j129/4100
899 _aRuMoRGB
_jE 48/393
899 _aRuMoRGB
_jC 43/65
899 _aRuMoRGB
_jU 25/3521 (т. 2)
899 _aБАН
_z(1)
899 _aНБ СПбГУ
899 _aГПИБ
942 _cBOOK
980 _aNB